<?xml version="1.0" encoding="UTF-8"?>
<record
    xmlns:xsi="http://www.w3.org/2001/XMLSchema-instance"
    xsi:schemaLocation="http://www.loc.gov/MARC21/slim http://www.loc.gov/standards/marcxml/schema/MARC21slim.xsd"
    xmlns="http://www.loc.gov/MARC21/slim">

  <leader>01069nam a22002537a 4500</leader>
  <datafield tag="999" ind1=" " ind2=" ">
    <subfield code="c">102377</subfield>
    <subfield code="d">102377</subfield>
  </datafield>
  <controlfield tag="005">20181205112504.0</controlfield>
  <datafield tag="010" ind1=" " ind2=" ">
    <subfield code="a">1617EN  ENG-117585</subfield>
  </datafield>
  <datafield tag="020" ind1=" " ind2=" ">
    <subfield code="a">9788185708560</subfield>
    <subfield code="c">1350.00</subfield>
  </datafield>
  <datafield tag="035" ind1=" " ind2=" ">
    <subfield code="a">B-647518-523</subfield>
  </datafield>
  <datafield tag="035" ind1=" " ind2=" ">
    <subfield code="a">EN-101117</subfield>
  </datafield>
  <datafield tag="035" ind1=" " ind2=" ">
    <subfield code="a">B-666085</subfield>
  </datafield>
  <datafield tag="037" ind1=" " ind2=" ">
    <subfield code="a">dpl </subfield>
    <subfield code="b">Variety </subfield>
  </datafield>
  <datafield tag="037" ind1=" " ind2=" ">
    <subfield code="b">DBAD/PUB</subfield>
  </datafield>
  <datafield tag="082" ind1=" " ind2=" ">
    <subfield code="a">020</subfield>
  </datafield>
  <datafield tag="100" ind1=" " ind2=" ">
    <subfield code="a">Sudha Rani </subfield>
  </datafield>
  <datafield tag="245" ind1=" " ind2=" ">
    <subfield code="a">Handbook of library and information science / </subfield>
    <subfield code="c">by Sudha Rani Y.</subfield>
  </datafield>
  <datafield tag="260" ind1=" " ind2=" ">
    <subfield code="a">New Delhi </subfield>
    <subfield code="b">SBW Pub. </subfield>
    <subfield code="c">2015</subfield>
  </datafield>
  <datafield tag="270" ind1=" " ind2=" ">
    <subfield code="a">4831/24, Prahlad Gali, Ansari Road, Darya Ganj, </subfield>
    <subfield code="b">New Delhi </subfield>
    <subfield code="e">110002</subfield>
  </datafield>
  <datafield tag="300" ind1=" " ind2=" ">
    <subfield code="a">viii,340p. </subfield>
    <subfield code="c">25cm(Hb)</subfield>
  </datafield>
  <datafield tag="500" ind1=" " ind2=" ">
    <subfield code="a">Includes bibliographical references and index </subfield>
  </datafield>
  <datafield tag="942" ind1=" " ind2=" ">
    <subfield code="2">ddc</subfield>
    <subfield code="c">EN</subfield>
    <subfield code="m">SUD</subfield>
    <subfield code="h">020</subfield>
  </datafield>
  <datafield tag="952" ind1=" " ind2=" ">
    <subfield code="0">0</subfield>
    <subfield code="1">0</subfield>
    <subfield code="4">0</subfield>
    <subfield code="7">1</subfield>
    <subfield code="8">NFIC</subfield>
    <subfield code="a">DBAD</subfield>
    <subfield code="b">BN</subfield>
    <subfield code="d">2017-03-27</subfield>
    <subfield code="e">DBAD//PUB</subfield>
    <subfield code="g">1350.00</subfield>
    <subfield code="l">0</subfield>
    <subfield code="o">020 SUD</subfield>
    <subfield code="p">EN-101117</subfield>
    <subfield code="r">2017-03-27 00:00:00</subfield>
    <subfield code="t">1</subfield>
    <subfield code="v">1350.00</subfield>
    <subfield code="y">EN</subfield>
  </datafield>
  <datafield tag="952" ind1=" " ind2=" ">
    <subfield code="0">0</subfield>
    <subfield code="1">0</subfield>
    <subfield code="4">0</subfield>
    <subfield code="7">0</subfield>
    <subfield code="8">NFIC</subfield>
    <subfield code="a">L</subfield>
    <subfield code="b">L</subfield>
    <subfield code="d">2017-03-27</subfield>
    <subfield code="e">BPPD/EN/2016-17/308/24.11.2016/IN1369/5.12.2016/2.1.2017</subfield>
    <subfield code="g">1350.00</subfield>
    <subfield code="l">20</subfield>
    <subfield code="m">7</subfield>
    <subfield code="o">020 SUD</subfield>
    <subfield code="p">B-647518</subfield>
    <subfield code="r">2025-11-28 00:00:00</subfield>
    <subfield code="s">2025-11-15</subfield>
    <subfield code="t">1</subfield>
    <subfield code="v">1350.00</subfield>
    <subfield code="y">EN</subfield>
  </datafield>
  <datafield tag="952" ind1=" " ind2=" ">
    <subfield code="0">0</subfield>
    <subfield code="1">0</subfield>
    <subfield code="4">0</subfield>
    <subfield code="7">0</subfield>
    <subfield code="8">NFIC</subfield>
    <subfield code="a">NPL</subfield>
    <subfield code="b">NPL</subfield>
    <subfield code="d">2017-03-27</subfield>
    <subfield code="e">BPPD/EN/2016-17/308/24.11.2016/IN1369/5.12.2016/2.1.2017</subfield>
    <subfield code="g">1350.00</subfield>
    <subfield code="l">0</subfield>
    <subfield code="o">020 SUD</subfield>
    <subfield code="p">B-647519</subfield>
    <subfield code="r">2017-03-27 00:00:00</subfield>
    <subfield code="t">1</subfield>
    <subfield code="v">1350.00</subfield>
    <subfield code="y">EN</subfield>
  </datafield>
  <datafield tag="952" ind1=" " ind2=" ">
    <subfield code="0">0</subfield>
    <subfield code="1">0</subfield>
    <subfield code="4">0</subfield>
    <subfield code="7">0</subfield>
    <subfield code="8">NFIC</subfield>
    <subfield code="a">BL1</subfield>
    <subfield code="b">BL1</subfield>
    <subfield code="d">2017-03-27</subfield>
    <subfield code="e">BPPD/EN/2016-17/308/24.11.2016/IN1369/5.12.2016/2.1.2017</subfield>
    <subfield code="g">1350.00</subfield>
    <subfield code="l">5</subfield>
    <subfield code="m">3</subfield>
    <subfield code="o">020 SUD</subfield>
    <subfield code="p">B-647520</subfield>
    <subfield code="r">2022-11-17 00:00:00</subfield>
    <subfield code="s">2022-10-21</subfield>
    <subfield code="t">1</subfield>
    <subfield code="v">1350.00</subfield>
    <subfield code="y">EN</subfield>
  </datafield>
  <datafield tag="952" ind1=" " ind2=" ">
    <subfield code="0">0</subfield>
    <subfield code="1">0</subfield>
    <subfield code="4">0</subfield>
    <subfield code="7">0</subfield>
    <subfield code="8">NFIC</subfield>
    <subfield code="a">JP</subfield>
    <subfield code="b">JP</subfield>
    <subfield code="d">2017-03-27</subfield>
    <subfield code="e">BPPD/EN/2016-17/308/24.11.2016/IN1369/5.12.2016/2.1.2017</subfield>
    <subfield code="g">1350.00</subfield>
    <subfield code="l">7</subfield>
    <subfield code="m">1</subfield>
    <subfield code="o">020 SUD</subfield>
    <subfield code="p">B-647521</subfield>
    <subfield code="r">2024-04-02 00:00:00</subfield>
    <subfield code="s">2024-03-22</subfield>
    <subfield code="t">1</subfield>
    <subfield code="v">1350.00</subfield>
    <subfield code="y">EN</subfield>
  </datafield>
  <datafield tag="952" ind1=" " ind2=" ">
    <subfield code="0">0</subfield>
    <subfield code="1">0</subfield>
    <subfield code="4">0</subfield>
    <subfield code="7">0</subfield>
    <subfield code="8">NFIC</subfield>
    <subfield code="a">ZLS</subfield>
    <subfield code="b">ZLS</subfield>
    <subfield code="d">2017-03-27</subfield>
    <subfield code="e">BPPD/EN/2016-17/308/24.11.2016/IN1369/5.12.2016/2.1.2017</subfield>
    <subfield code="g">1350.00</subfield>
    <subfield code="l">1</subfield>
    <subfield code="o">020 SUD</subfield>
    <subfield code="p">B-647522</subfield>
    <subfield code="r">2023-01-10 00:00:00</subfield>
    <subfield code="s">2022-12-30</subfield>
    <subfield code="t">1</subfield>
    <subfield code="v">1350.00</subfield>
    <subfield code="y">EN</subfield>
  </datafield>
  <datafield tag="952" ind1=" " ind2=" ">
    <subfield code="0">0</subfield>
    <subfield code="1">0</subfield>
    <subfield code="4">0</subfield>
    <subfield code="7">0</subfield>
    <subfield code="8">NFIC</subfield>
    <subfield code="a">BL4</subfield>
    <subfield code="b">BL4</subfield>
    <subfield code="d">2017-03-27</subfield>
    <subfield code="e">BPPD/EN/2016-17/308/24.11.2016/IN1369/5.12.2016/2.1.2017</subfield>
    <subfield code="g">1350.00</subfield>
    <subfield code="l">2</subfield>
    <subfield code="o">020 SUD</subfield>
    <subfield code="p">B-647523</subfield>
    <subfield code="r">2023-04-25 00:00:00</subfield>
    <subfield code="s">2023-04-11</subfield>
    <subfield code="t">1</subfield>
    <subfield code="v">1350.00</subfield>
    <subfield code="y">EN</subfield>
  </datafield>
  <datafield tag="952" ind1=" " ind2=" ">
    <subfield code="0">0</subfield>
    <subfield code="1">0</subfield>
    <subfield code="4">0</subfield>
    <subfield code="7">0</subfield>
    <subfield code="8">NFIC</subfield>
    <subfield code="a">AV</subfield>
    <subfield code="b">AV</subfield>
    <subfield code="d">2017-05-12</subfield>
    <subfield code="e">BPPD/EN/2016-17/AV/16-17/474/15.2.2017/1428/7.3.2017/ 10.3.2017</subfield>
    <subfield code="g">1350.00</subfield>
    <subfield code="l">0</subfield>
    <subfield code="o">020 SUD</subfield>
    <subfield code="p">B-666085</subfield>
    <subfield code="r">2017-05-12 00:00:00</subfield>
    <subfield code="t">1</subfield>
    <subfield code="v">1350.00</subfield>
    <subfield code="w">2017-05-12</subfield>
    <subfield code="y">EN</subfield>
  </datafield>
</record>
